Męskie Imiona na literę I - Statystyki

Ogólne statystyki
  • Ten quiz został rozwiązany 260 razy
  • Średni wynik to 4 z 7
Statystyki odpowiedzi
Imiona % Poprawnych
Igor
90%
Ireneusz
83%
Ignacy
82%
Iwo
54%
Izydor
47%
Izaak
16%
Izajasz
11%
Nie znaleziono quizów pasujących do podanych kryteriów
Rozkład punktacji
Procent ludzi z każdym wynikiem
Percentyl według liczby udzielonych odpowiedzi
Twoja historia wyników
Nie rozwiązałeś tego quizu